Routine SMR test methods (Record no. 22402)

MARC details
000 -LEADER
fixed length control field 00296nam a2200121Ia 4500
082 ## - DEWEY DECIMAL CLASSIFICATION NUMBER
Classification number NR:62:006.73
Item number SMR;4
245 #0 - TITLE STATEMENT
Title Routine SMR test methods
260 ## - PUBLICATION, DISTRIBUTION, ETC. (IMPRINT)
Place of publication Kuala Lumpur
Name of publisher RRIM
700 ## - ADDED ENTRY--PERSONAL NAME
Personal name Annie Chin
700 ## - ADDED ENTRY--PERSONAL NAME
Personal name Lee Soh Hoong
942 ## - ADDED ENTRY ELEMENTS (KOHA)
Koha item type Books
Holdings
Withdrawn status Lost status Damaged status Not for loan Home library Current library Date acquired Full call number Accession Number Koha item type
        RRII Library RRII Library 16/12/2021 NR:62:006.73 SMR;4 03122 Books